[Event "CHI-ch sf qual U1600"]
[Site "La Cruz"]
[Date "2019.12.29"]
[Round "3.2"]
[White "Amigo Quintana, Antu"]
[Black "Astudillo Hernandez, Marta"]
[Result "1-0"]
[WhiteElo "1460"]
[BlackElo "1051"]
[PlyCount "77"]
[EventDate "2019.12.29"]
[EventType "swiss"]
[EventRounds "5"]
[EventCountry "CHI"]
[SourceTitle "EXT 2024"]
[Source "ChessBase"]
[SourceDate "2023.10.10"]
[SourceVersion "1"]
[SourceVersionDate "2023.10.10"]
[SourceQuality "1"]

1. e4 e5 2. Nf3 Nc6 3. d4 f6 4. Bc4 Nge7 5. dxe5 Nxe5 6. Nxe5 fxe5 7. Qf3 d5 8. exd5 Qd6 9. Nc3 a6 10. a4 Bf5 11. Qe2 0-0-0 12. Be3 Kb8 13. 0-0 Qg6 14. Bc5 Bh3 15. Qf3 Bg4 16. Qd3 Bf5 17. Qg3 Qxg3 18. fxg3 g6 19. Rae1 Nc8 20. Bxf8 Rhxf8 21. Rxe5 Bxc2 22. b3 Nb6 23. Re7 Nxc4 24. bxc4 Bd3 25. Rf4 g5 26. Rff7 Rxf7 27. Rxf7 Bxc4 28. Rxh7 Rf8 29. h4 Rf1+ 30. Kh2 Rc1 31. Ne4 Bxd5 32. Nxg5 Rc2 33. Rd7 Rxg2+ 34. Kh3 Bc6 35. Rd8+ Ka7 36. h5 Rc2 37. h6 Bg2+ 38. Kh4 Rc4+ 39. g4 1-0